00808nam a2200229 a 4500008004100000020002200041049000900063090001700072245008500089260004000174300004300214500002200257650003300279700002200312907003500334003000100369005001700370040000900387942002400396999001900420952013900439  a0395352576 (hbk.) aMAIN0 aQA152.2bALG00aAlgebra and trigonometry :bstructure and method /cMary P. Dolciani... [et al.] aBoston :bHoughton Mifflin,cc1986. axv, 822 [39] p. :bcol. ill. ;c24 cm. aIncludes indexes. 0aAlgebraxStudy and teaching. aDolciani, Mary P. a.b1010169xb19-02-15c06-12-0320230123134116.0 cNUST cBOOKSkQA152.2mALG c160191d160191 r2023-01-23 00:00:00l37oQA152.2 DOLp92003013357v80.00w2023-01-23yBOOKS102LCC40718NFIC00aMAINbMAINcGENd2023-01-23g80.00